000 00578nam a2200205Ia 4500
001 17314
003 GE_BSU
008 181216s||||||||xx |||||||||||||| ||und||
040 _cGE_BSU
080 _a821.353.1-32
100 _aნინოშვილი,ეგნატე
245 _aჩვენი ქვეყნის რაინდი
245 _bმოთხრობა
260 _aთბილისი
260 _bსახელგამი
260 _c1954
300 _a61 გვ. ; 21 სმ..
653 _aმოთხრობა
942 _cBK
999 _c50373
_d50373